书目信息 |
| 题名: |
独孤本兰亭十三跋
|
|
| 作者: | 房弘毅 主编 ;顾清木 释解 | |
| 分册: | ||
| 出版信息: | 北京 新时代出版社 2014.03 |
|
| 页数: | 60页 | |
| 开本: | 37cm | |
| 丛书名: | 大开本珍稀法帖 | |
| 单 册: | ||
| 中图分类: | J292.23 | |
| 科图分类: | ||
| 主题词: | 行书--法帖--中国--东晋时代 , 行书 , 法帖 | |
| 电子资源: | ||
| ISBN: | 978-7-5042-2027-1 | |
| 000 | 01008oam2 2200301 450 | |
| 001 | 0120141268796 | |
| 005 | 20140609111219.48 | |
| 010 | @a978-7-5042-2027-1@dCNY32.00 | |
| 100 | @a20140509d2014 em y0chiy0110 ea | |
| 101 | 0 | @achi |
| 102 | @aCN@b110000 | |
| 105 | @ay z 000yy | |
| 106 | @ad | |
| 200 | 1 | @a独孤本兰亭十三跋@9du gu ben lan ting shi san ba@f房弘毅主编@g顾清木释解 |
| 210 | @a北京@c新时代出版社@d2014.03 | |
| 215 | @a60页@d37cm | |
| 225 | 2 | @a大开本珍稀法帖@v3 |
| 330 | @a本书对《独孤本兰亭十三跋》中的用笔特点、结字规律、章法布局、落款方法及钤印位置等做了详细的理论、创作指导。并附有词语书写练习,是从选字集结而成,可以为广大书法爱好者进行书法临习。 | |
| 333 | @a书法爱好者 | |
| 461 | 0 | @12001 @a大开本珍稀法帖@v3 |
| 606 | 0 | @a行书@x法帖@y中国@z东晋时代 |
| 606 | 0 | @a行书 |
| 606 | 0 | @a法帖 |
| 690 | @aJ292.23@v5 | |
| 701 | 0 | @a房弘毅@9fang hong yi@4主编 |
| 702 | 0 | @a顾清木@9gu qing mu@4释解 |
| 801 | 0 | @aCN@b人天书店@c20140509 |
| 905 | @b548564-67@dJ292.23@e529@f4 | |
| 独孤本兰亭十三跋/房弘毅主编/顾清木释解.-北京:新时代出版社,2014.03 |
| 60页;37cm.-(大开本珍稀法帖;3) |
| 使用对象:书法爱好者 |
| ISBN 978-7-5042-2027-1:CNY32.00 |
| 本书对《独孤本兰亭十三跋》中的用笔特点、结字规律、章法布局、落款方法及钤印位置等做了详细的理论、创作指导。并附有词语书写练习,是从选字集结而成,可以为广大书法爱好者进行书法临习。 |
| ● |
| 相关链接 |
|
|
|
|
正题名:独孤本兰亭十三跋
索取号:J292.23/529
 
预约/预借
| 序号 | 登录号 | 条形码 | 馆藏地/架位号 | 状态 | 备注 |
| 1 | 548564 | 205485642 | 第一样本阅览室/ [索取号:J292.23/529] | 在馆 | |
| 2 | 548565 | 205485651 | 第一借阅区/ [索取号:J292.23/529] | 在馆 | |
| 3 | 548566 | 205485660 | 第一借阅区/ [索取号:J292.23/529] | 在馆 | |
| 4 | 548567 | 205485679 | 第一借阅区/ [索取号:J292.23/529] | 在馆 |